Statystyki dla Pierwiastki wymienione w Biblii

Kliknij tutaj aby rozwiązać quiz!

Ogólne statystyki

  • Ten quiz został rozwiązany 11 168 razy
    (11 148 od ostatniego zresetowania)
  • Średni wynik to 4 z 7

Statystyki odpowiedzi

Pierwiastki% Poprawnych
Złoto
91%
Srebro
85%
Miedź
71%
Żelazo
71%
Cyna
48%
Siarka
48%
Ołów
30%

Rozkład punktacji

Percentyl według liczby udzielonych odpowiedzi

Procent ludzi z każdym wynikiem

Twoja historia wyników

Nie rozwiązałeś tego quizu od ostatniego zresetowania